[Event "USA-ch15 prel 09 corr"]
[Site "USA"]
[Date "2000.06.20"]
[Round "?"]
[White "Edwards, Kenneth"]
[Black "Black, Russell"]
[Result "0-1"]
[WhiteElo "2177"]
[BlackElo "2048"]
[PlyCount "82"]
[EventDate "2000.06.20"]
[EventType "tourn (corr)"]
[EventRounds "12"]
[EventCountry "USA"]
[SourceTitle "Corr 2006"]
[Source "ChessBase"]
[SourceDate "2006.04.01"]
[SourceVersion "3"]
[SourceVersionDate "2006.04.01"]
[SourceQuality "1"]

1. e4 d6 2. d4 Nf6 3. Nc3 c6 4. f4 Qa5 5. Bd3 e5 6. Nf3 Bg4 7. Be3 exf4 8. Bxf4 Qb4 9. Bd2 Bxf3 10. Qxf3 Qxd4 11. Be3 Qe5 12. 0-0-0 Nbd7 13. Bc4 Be7 14. Rhf1 0-0 15. Qh3 Qa5 16. Qg3 b5 17. Rf5 g6 18. Be2 Kh8 19. Rg5 Rae8 20. Bd4 c5 21. Bxb5 cxd4 22. Bxd7 Qc7 23. Bxe8 dxc3 24. Qxc3 Qxc3 25. bxc3 Rxe8 26. Ra5 Nxe4 27. c4 Bg5+ 28. Kb2 Bf6+ 29. Kc1 Re7 30. Rd3 Kg7 31. Re3 Bd4 32. Rh3 Nc3 33. Kd2 Bb6 34. Ra6 Ne4+ 35. Kc1 Nf2 36. Rf3 Re2 37. h4 Ne4 38. Raa3 Rxg2 39. Rad3 h5 40. Rf1 Rh2 41. Rf4 f5 0-1

[Event "USA-ch15 prel 09 corr"]
[Site "USA"]
[Date "2000.06.20"]
[Round "?"]
[White "Edwards, Kenneth"]
[Black "Saxe, Barry"]
[Result "1/2-1/2"]
[WhiteElo "2177"]
[BlackElo "2297"]
[PlyCount "89"]
[EventDate "2000.06.20"]
[EventType "tourn (corr)"]
[EventRounds "12"]
[EventCountry "USA"]
[SourceTitle "Corr 2006"]
[Source "ChessBase"]
[SourceDate "2006.04.01"]
[SourceVersion "3"]
[SourceVersionDate "2006.04.01"]
[SourceQuality "1"]

1. e4 e6 2. d4 d5 3. Nd2 Nf6 4. e5 Nfd7 5. Bd3 c5 6. c3 Nc6 7. Ne2 cxd4 8. cxd4 Qb6 9. Nf3 f6 10. exf6 Nxf6 11. 0-0 Bd6 12. Bf4 Bxf4 13. Nxf4 0-0 14. Qd2 Kh8 15. Ne2 Bd7 16. a4 Rae8 17. Qc3 a5 18. Qa3 Qd8 19. Rfc1 e5 20. dxe5 Nxe5 21. Nxe5 Rxe5 22. Nd4 Ng4 23. Nf3 Ree8 24. Qd6 Rxf3 25. gxf3 Ne5 26. Qxd5 Qg5+ 27. Kh1 Bc6 28. Rxc6 bxc6 29. Qe4 Qh5 30. Re1 Rf8 31. Be2 Ng6 32. Qxc6 Nf4 33. Bf1 h6 34. Re3 Rd8 35. Re1 Rd2 36. Qe8+ Qxe8 37. Rxe8+ Kh7 38. Kg1 Rd1 39. h4 g5 40. hxg5 hxg5 41. Re4 Kg6 42. Re8 Rb1 43. Re3 Rxb2 44. Bb5 Nh3+ 45. Kg2 1/2-1/2

[Event "USA-ch15 prel 09 corr"]
[Site "USA"]
[Date "2000.06.20"]
[Round "?"]
[White "Henderson, Gregory"]
[Black "Edwards, Kenneth"]
[Result "0-1"]
[WhiteElo "2113"]
[BlackElo "2177"]
[PlyCount "86"]
[EventDate "2000.06.20"]
[EventType "tourn (corr)"]
[EventRounds "12"]
[EventCountry "USA"]
[SourceTitle "Corr 2006"]
[Source "ChessBase"]
[SourceDate "2006.04.01"]
[SourceVersion "3"]
[SourceVersionDate "2006.04.01"]
[SourceQuality "1"]

1. e4 c5 2. Nc3 e6 3. Nf3 Nc6 4. Bb5 Nge7 5. 0-0 a6 6. Bxc6 Nxc6 7. d4 cxd4 8. Nxd4 Be7 9. Nxc6 bxc6 10. e5 0-0 11. Ne4 f6 12. Bf4 fxe5 13. Bxe5 d5 14. Qg4 g6 15. Rad1 Bd7 16. Nd2 c5 17. Nf3 Rf5 18. Rfe1 Qa5 19. Re3 Rc8 20. h4 Bb5 21. h5 Qa4 22. Qxa4 Bxa4 23. b3 Be8 24. Bg3 Bf7 25. hxg6 hxg6 26. c3 Rh5 27. Be5 g5 28. g4 Rh6 29. Kg2 Bg6 30. Nd2 a5 31. f4 Rf8 32. Rf1 Bc2 33. Ref3 gxf4 34. Rc1 Bg6 35. Rxf4 Rc8 36. Nf3 Be4 37. Kf2 a4 38. g5 Rh5 39. Nd2 Rh2+ 40. Ke3 Bxg5 41. Nxe4 Rh3+ 42. Ke2 Bxf4 43. Bxf4 dxe4 0-1